书目信息 |
| 题名: |
'97香港回归风云
|
|
| 作者: | 徐彬 编著 | |
| 分册: | ||
| 出版信息: | 长春 吉林摄影出版社 1996 |
|
| 页数: | 11,362页 | |
| 开本: | 20cm | |
| 丛书名: | ||
| 单 册: | ||
| 中图分类: | D676.58 | |
| 科图分类: | ||
| 主题词: | 政治--中国--香港特别行政区 | |
| 电子资源: | ||
| ISBN: | 7-80606-088-X | |
| 000 | 00591nam0 2200205 45 | |
| 001 | 0198001400 | |
| 005 | 20060106104629.45 | |
| 010 | @a7-80606-088-X@dCNY19.80 | |
| 100 | @a19950325d1996 em y0chiy0121 ea | |
| 101 | 0 | @achi |
| 102 | @aCN@b220000 | |
| 105 | @af z 000yy | |
| 200 | 11 | @a'97香港回归风云@A'97 xiang gang hui gui feng yun@f徐彬编著@FXu Bin Bian Zhu |
| 210 | @a长春@c吉林摄影出版社@d1996 | |
| 215 | @a11,362页@c彩照@d20cm | |
| 606 | 0 | @a政治@y中国@x香港特别行政区 |
| 690 | @aD676.58@v3 | |
| 701 | 0 | @a徐彬@4编著 |
| 801 | 0 | @aCN@bNLC@c20060106 |
| 905 | @dD676.58@e32@f1@b272716 | |
| '97香港回归风云/徐彬编著.-长春:吉林摄影出版社,1996 |
| 11,362页:彩照;20cm |
| ISBN 7-80606-088-X:CNY19.80 |
| ● |
| 相关链接 |
|
|
|
|
正题名:'97香港回归风云
索取号:D676.58/32
 
预约/预借
| 序号 | 登录号 | 条形码 | 馆藏地/架位号 | 状态 | 备注 |
| 1 | 0272714 | 000379076 | 第一样本阅览室/ [索取号:D676.58/32] | 在馆 | |
| 2 | 0272715 | 202186623 | 密集书库/ [索取号:D676.58/32] | 在馆 | |
| 3 | 0272715 | 000379085 | 第一借阅区/ [索取号:D676.58/32] | 在馆 | |
| 4 | 0272716 | 000379110 | 第一借阅区/ [索取号:D676.58/32] | 在馆 |